Datum a čas kvízu

32.5 Celkem bodů Celkový počet nahraných bodů na tomto kvízu bez doplňovacích otázek.
4. Pořadí na kvízu Konečné umístění týmu na tomto kvízu.

Zaznamenané odpovědi

# Otázka Odpověď Body Výsledky
1. Kolik korun měl stát podle pův... 15 000 Kč 1
2. Na Světovém ekonomickém fóru v... Václava Havla 1
3. „Mí rodiče celý můj život kont... Beckhamových 0
4. Minulý týden se měnilo pořadí... Michal Strnad 1
5. Minulý týden česká média infor... plyšovým aligátorem 0
6. Jak se jmenuje italský horolez... Reinhold Messner 0
7. Jak se trojslovně jmenuje disc... lezení na obtížnost 0
8. Jak se jmenuje horolezecké vyb... sedák (sedací/bederní úvaz) 1
9. Po půl bodu můžete získat, kdy... El Capitan, Yosemite 1
10. Jak se jmenuje fenomenální slo... B) Janja Garnbret 1